| 000 | 00592nam a22002057a 4500 | ||
|---|---|---|---|
| 003 | OSt | ||
| 005 | 20140310181717.0 | ||
| 008 | 130201t xxu||||| |||| 00| 0 eng d | ||
| 020 | _a9715690459 | ||
| 050 |
_aDS 668 _b.D278 1992 |
||
| 082 |
_aFIL 959.9 _bD37 1992 |
||
| 245 |
_aReadings in Philippine history _bselected historical texts presented with a commentary . _cDe la Costa, Horacio |
||
| 260 |
_aMakati City _bBookmark _cc1992 |
||
| 300 |
_a318 p. _c24 cm. |
||
| 521 | _acollege students | ||
| 526 | _c1210L-1700L | ||
| 541 | _j1 | ||
| 562 | _e1 | ||
| 942 |
_2lcc _cBK-FIL _kFIL |
||
| 999 |
_c1835 _d1835 |
||